000 00252nam a2200097Ia 4500
001 1170356
005 20251202144520.0
008 250824s9999 xx 000 0 und d
245 0 _aKORKTUĞUM BAŞIMA GELDİ
_cABDİL MERT
260 _bTEBEŞİR YAYINLARI
999 _c1170356
_d1170356